000 00738cam a2200265 4500
008 090401t1997 xxu||||| |||| 00| 0 eng d
020 _a1854825968
035 _a(Sirsi) u78258
041 _aeng
050 _a692.5
110 _aScottish Agricultural College
_93388
245 _aFarm building cost guide 1997
250 _a23rd
260 _aBucksburn, Aberdeen
_bScottish Agricultural College
_c1997
300 _a96p. ; 30cm.
350 _a19.8
650 _aBUILT ENVIRONMENT-BUILDING COSTS
650 _aBUILT ENVIRONMENT-BUILDING COSTS
650 _aFARM BUILDINGS
650 _aBUILDING PRICE BOOKS
650 _aSCOTTISH AGRICULTURAL COLLEGE
690 _aRURAL PRACTICE
942 _n0
948 _c09/05/1997
999 _c96412
_d96412